The nursing of families : Theory/research/education/ practice / (Record no. 29141)
[ view plain ]
| 000 -LEADER | |
|---|---|
| fixed length control field | 00660nam a22001697a 4500 |
| 005 - DATE AND TIME OF LATEST TRANSACTION | |
| control field | 20260511133225.0 |
| 008 - FIXED-LENGTH DATA ELEMENTS--GENERAL INFORMATION | |
| fixed length control field | 260511b |||||||| |||| 00| 0 eng d |
| 020 ## - INTERNATIONAL STANDARD BOOK NUMBER | |
| International Standard Book Number | 080394716x Pbk. Bp. |
| 040 ## - CATALOGING SOURCE | |
| Original cataloging agency | MMSU |
| Transcribing agency | ULS |
| Modifying agency | ULS |
| 050 ## - LIBRARY OF CONGRESS CALL NUMBER | |
| Classification number | RT 120.F3 N88 1992 CHS |
| 245 ## - TITLE STATEMENT | |
| Title | The nursing of families : Theory/research/education/ practice / |
| Statement of responsibility, etc. | Suzanne L. Feetham, Susan B. Meister, Janice M. Bell , Catherine L. Gillis, editors. |
| 260 ## - PUBLICATION, DISTRIBUTION, ETC. | |
| Place of publication, distribution, etc. | Newbury Park, California : |
| Name of publisher, distributor, etc. | Sage Publications, |
| Date of publication, distribution, etc. | 1992. |
| 300 ## - PHYSICAL DESCRIPTION | |
| Extent | xv, 308 pages : |
| Other physical details | illustrations ; |
| Dimensions | 210 cm. |
| 500 ## - GENERAL NOTE | |
| General note | Includes bibliographical references. |
| 650 ## - SUBJECT ADDED ENTRY--TOPICAL TERM | |
| Topical term or geographic name entry element | Family nursing--congresses. |
| 942 ## - ADDED ENTRY ELEMENTS (KOHA) | |
| Source of classification or shelving scheme | |
| Koha item type | Books |
| Withdrawn status | Lost status | Source of classification or shelving scheme | Damaged status | Not for loan | Home library | Current library | Shelving location | Date acquired | Source of acquisition | Inventory number | Total Checkouts | Full call number | Barcode | Date last seen | Price effective from | Koha item type |
|---|---|---|---|---|---|---|---|---|---|---|---|---|---|---|---|---|
| MMSU College of Health Sciences | MMSU College of Health Sciences | Circulation | 05/11/2026 | Purchased | 99-0689 | RT 120.F3 N88 1992 CHS | 23270 | 05/11/2026 | 05/11/2026 | Books |